01467nam a2200385 a 450000100060000000300080000600500170001400600190003100700150005000800410006502000180010603500230012403500240014703500250017103500210019604000260021705000260024308000100026908200140027924501540029325000110044726000570045830000110051549000310052653301640055760000300072165000490075165000550080065000470085565000560090265500270095870000150098571000190100085600620101948123FlNmELB20241216231924.0m o d | cr cn|||||||||201208r2009 sp |||||s|||||||||||spa d z9788478002863 a(MiAaPQ)EBC3200867 a(Au-PeEL)EBL3200867 a(CaPaEBR)ebr10584153 a(OCoLC)929365194 aFlNmELBbspacFlNmELB 4aPQ6004.S45bT314 2009 a82.0904a860.922200aTeoría y análisis de los discursos literariosh[recurso electronico] :bestudios en homenaje al profesor Ricardo Senabre /cS. Crespo...[et al.]. a1a ed. aSalamanca :bEdiciones Universidad Salamanca,c2009. a566 p.0 aActa salmanticensia ;v324 aRecurso electrónico. Santa Fe, Arg.: e-libro, 2015. Disponible vía World Wide Web. El acceso puede estar limitado para las bibliotecas afiliadas a e-libro.14aSenabre Sempere, Ricardo. 4aLiteratura españolaxHistoria y crítica. 4aLiteratura hispanoamericanaxHistoria y crítica. 4aSpanish literaturexHistory and criticism. 4aSpanish American literaturexHistory and criticism. 4aLibros electrónicos.1 aCrespo, S.2 ae-libro, Corp.40uhttps://elibro.net/ereader/politecnicointernacional/55685